Commercial and industrial law

Bibliographic Details
Main Author: Ruff, Anne R
Format: Book
Published: Playmouth : Macdonald Evans Ltd , 1984
Edition:3rd ed
Subjects:

MARC

LEADER 00000cam a2200000 7i4500
001 0000006045
002 000006533
005 20000330.0
020 |a 0712101950 
090 0 0 |a 344.2067   |b RUF 
100 1 |a Ruff, Anne R 
245 1 0 |a Commercial and industrial law   |c Anne R.Ruff 
250 |a 3rd ed 
260 |a Playmouth :   |b Macdonald Evans Ltd ,   |c 1984 
300 |a 302p. ;   |c 21cm. 
650 0 0 |a Commercial law   |z England 
999 |a 037875   |b BUKU   |c PINJAMAN   |e PERPUSTAKAAN KOMUNITI PETALING JAYA